| 000 | 00975nam a2200217 u 4500 | ||
|---|---|---|---|
| 001 | 000549962 | ||
| 003 | AM-YeHGA | ||
| 005 | 20250617140007.0 | ||
| 008 | 070912s1988 ||| r 000 0 rus d | ||
| 040 | _aAM-YeHGA | ||
| 041 | 0 | _arus | |
| 245 | 0 | 0 |
_aБиостратиграфия и брахиоподы силура восточного склона Урала / _cМ-во геологии СССР, Урал. произв. геол. об-ние; Сост. И.А. Брейвель, М.Г. Брейвель. |
| 260 |
_aМосква : _bНедра, _c1988. |
||
| 300 |
_a203 с. : _bил. |
||
| 504 | _aБиблиогр.: с. 117-121 | ||
| 653 | 0 | _aСилурийские отложения - Биостратиграфия - Урал | |
| 653 | 0 | _aБрахиоподы - Силур - Урал | |
| 700 | 1 |
_aБрейвель, И.А. _eсост. _4com |
|
| 710 | 2 | _a"Уралгеология", производственное объединение | |
| 090 | _c212734 | ||
| 999 |
_c211225 _d211225 |
||